00482nam a2200169 a 450000100060000000300090000600800410001502000150005604000280007108200180009910000300011724500480014726000360019530000110023149000330024265000370027519668CO-ViMGA141112s2004 ck r 000 u spa d a9582002476 aCO-ViMGAbspacCO-ViMGA04a371.207 T371c1 aTetay Jaime, Jose María10aCriterios para la construcción del P.E.I. aBogotá : bMagisterio, c1997 a142 p. aColección Mesa Redonda, 3214aPROYECTO EDUCATIVO INSTITUCIONAL